Manažment technologických systémov

Saved in:
Bibliographic Details
Main Author: Svatý, Fedor
Corporate Author: Ekonomická univerzita v Bratislave. Fakulta podnikového manažmentu
Other Authors: Jemala, Marek, Dupaľ, Andrej, Strelecký, Ján
Format: Book
Language:Slovak
Published: Bratislava Vydavateľstvo EKONÓM 2009
Subjects:
Tags: Add Tag
No Tags, Be the first to tag this record!

MARC

LEADER 00000nam$a2200000$$$4500
001 0107945
005 20240502072206.9
020 |a 978-80-225-2833-7 
041 0 |a slo 
044 |a SK 
245 1 0 |a Manažment technologických systémov  |c Fedor Svatý, Marek Jemala 
264 1 |a Bratislava  |b Vydavateľstvo EKONÓM  |c 2009 
300 |a 248 s. [17,664 AH] 
610 2 0 |a technológia 
610 2 0 |a manažment 
610 2 0 |a technika 
610 2 0 |a výroba 
610 2 0 |a inovácia 
610 2 0 |a veda 
610 2 0 |a výskum 
610 2 0 |a stratégia podniková 
610 2 0 |a know-how 
610 2 0 |a rozhodovanie 
610 2 0 |a spoločnosť vedomostná 
610 2 0 |a transfer technológie 
610 2 0 |a klaster 
100 1 |a Svatý, Fedor 
700 1 |a Jemala, Marek 
700 1 |a Dupaľ, Andrej 
700 1 |a Strelecký, Ján 
710 2 |a Ekonomická univerzita v Bratislave. Fakulta podnikového manažmentu